00334nam a22001217a 4500008004100000082002100041100002000062245004900082260003100131300001100162650001600173700002300189200806b ||||| |||| 00| 0 eng d00a510.246238bR353 aReid, David M. 10aPractical mathematics for marine engineers / aGlasgow: bJames Munro,c? a228 p. 0aMathematics aFlanagan, G. T. H.